000 00802nam a22002297a 4500
999 _c63732
_d63732
005 20240530110656.0
008 171220s2016 ua o f 000 0 ara d
017 _a2015/17228
_bمصر. دار الكتب
020 _a9789770530078
040 _aEG-CaGPL
_cEG-CaGPL
082 0 4 _221
_a729 /
_bهـ ع
100 0 _aهشام جريشة
245 1 0 _aعبقرية التصميم :
_bقصة مائة مشروع فى سطور /
_cهشام جريشة
260 _aالقاهرة :
_bمكتبة الانجلو المصرية ،
_c2016.
300 _a397 ص. :
_bصور ؛
_c24 سم.
650 0 7 _2qrmak
_aالعمارة
650 0 7 _2qrmak
_aالتصميم
650 0 7 _2qrmak
_aالتصميم الهندسى
651 _2qrmak
942 _2ddc
_cBK